000 00680nam a22002177a 4500
003 OSt
005 20260428053322.0
008 260428b |||||||| |||| 00| 0 eng d
020 _a0-7674-2275-9
040 _aDWC-Main lib.
_cOC
082 _23rd edition
_aCirc. 519.502415 V539b 2001
100 _aKyle, Diana
245 _aBehavioral Statistics in action/
_cDiana Kyle
260 _aBoston :
_bMcGraw-Hill,
_cc2001.
300 _axvi, 527 p. :
_c24 cm.
504 _aIncludes bibliographical references and index.
650 _a1. Psychology-statistical methods.
700 _aVernoy, Mark
760 _b3rd edition
942 _2ddc
_cBK-CIRC
_e3rd edition
_hCirc.
_n0
999 _c10015
_d10015